The great fire / (Record no. 460)

MARC details
000 -LEADER
fixed length control field 01872cam a2200361 a 4500
001 - CONTROL NUMBER
control field 460
003 - CONTROL NUMBER IDENTIFIER
control field FISKH
005 - DATE AND TIME OF LATEST TRANSACTION
control field 20231211160205.0
008 - FIXED-LENGTH DATA ELEMENTS--GENERAL INFORMATION
fixed length control field 940307s1995 nyuab j b 001 0 eng
010 ## - LIBRARY OF CONGRESS CONTROL NUMBER
LC control number 94009963
020 ## - INTERNATIONAL STANDARD BOOK NUMBER
International Standard Book Number 9780439203074
040 ## - CATALOGING SOURCE
Original cataloging agency DLC
Transcribing agency DLC
Modifying agency DLC
-- FISKH
Language of cataloging eng
042 ## - AUTHENTICATION CODE
Authentication code lcac
043 ## - GEOGRAPHIC AREA CODE
Geographic area code n-us-il
050 00 - LIBRARY OF CONGRESS CALL NUMBER
Classification number F548.42
Item number .M87 1995
082 00 - DEWEY DECIMAL CLASSIFICATION NUMBER
Classification number 977.3/11041
Edition number 20
100 1# - MAIN ENTRY--PERSONAL NAME
Personal name Murphy, Jim,
Dates associated with a name 1947-
245 14 - TITLE STATEMENT
Title The great fire /
Statement of responsibility, etc. Jim Murphy.
260 ## - PUBLICATION, DISTRIBUTION, ETC.
Place of publication, distribution, etc. New York :
Name of publisher, distributor, etc. Scholastic.
Date of publication, distribution, etc. 1995.
300 ## - PHYSICAL DESCRIPTION
Extent 144 pages :
Other physical details illustrations, maps ;
Dimensions 28 cm.
504 ## - BIBLIOGRAPHY, ETC. NOTE
Bibliography, etc. note Includes bibliographical references and index.
520 ## - SUMMARY, ETC.
Summary, etc. The Great Fire of 1871 was one of most colossal disasters in American history. Overnight, the flourshing city of Chicago was transformed into a smoldering wasteland. The damage was so profound that few people believed the city could ever rise again. By weaving personal accounts of actual survivors together with the carefully researched history of Chicago and the disaster, Jim Murphy constructs a riveting narrative that recreates the event with drama and immediacy.
521 8# - TARGET AUDIENCE NOTE
Target audience note 1130 <br/>
Source Lexile
650 #0 - SUBJECT ADDED ENTRY--TOPICAL TERM
Topical term or geographic name entry element Great Fire, Chicago, Ill., 1871
General subdivision Juvenile literature.
650 #1 - SUBJECT ADDED ENTRY--TOPICAL TERM
Topical term or geographic name entry element Fires
Geographic subdivision Illinois
-- Chicago
General subdivision History
Chronological subdivision 19th century.
651 #0 - SUBJECT ADDED ENTRY--GEOGRAPHIC NAME
Geographic name Chicago (Ill.)
General subdivision History
Chronological subdivision To 1875
General subdivision Juvenile literature.
651 #1 - SUBJECT ADDED ENTRY--GEOGRAPHIC NAME
Geographic name Chicago (Ill.)
General subdivision History
Chronological subdivision To 1875.
856 42 - ELECTRONIC LOCATION AND ACCESS
Materials specified Contributor biographical information
Uniform Resource Identifier <a href="http://www.loc.gov/catdir/enhancements/fy1301/94009963-b.html">http://www.loc.gov/catdir/enhancements/fy1301/94009963-b.html</a>
856 42 - ELECTRONIC LOCATION AND ACCESS
Materials specified Publisher description
Uniform Resource Identifier <a href="https://www.loc.gov/catdir/enhancements/fy1703/94009963-d.html">https://www.loc.gov/catdir/enhancements/fy1703/94009963-d.html</a>
906 ## - LOCAL DATA ELEMENT F, LDF (RLIN)
a 7
b cbc
c orignew
d 1
e ocip
f 19
g y-gencatlg
942 ## - ADDED ENTRY ELEMENTS (KOHA)
Source of classification or shelving scheme Library of Congress Classification
Koha item type Books
Suppress in OPAC No
Holdings
Withdrawn status Lost status Source of classification or shelving scheme Damaged status Not for loan Collection Home library Current library Shelving location Date acquired Total Checkouts Full call number Barcode Date last seen Price effective from Koha item type
    Dewey Decimal Classification     Non-Fiction Footprints International School Library Network Toul Kork Campus Footprints International School Library Network Toul Kork Campus   04/25/2023   MUR 977.3 F548.M87 2023-0081 04/25/2023 04/25/2023 Books